[Event "Commonwealth-ch U18 Girls"]
[Site "New Delhi"]
[Date "2019.07.03"]
[Round "3.3"]
[White "Villoen, Sharise"]
[Black "Jinal, Yagnik"]
[Result "0-1"]
[WhiteElo "1184"]
[BlackElo "1202"]
[PlyCount "64"]
[EventDate "2019.07.01"]
[EventType "swiss"]
[EventRounds "7"]
[EventCountry "IND"]
[SourceTitle "EXT 2024"]
[Source "ChessBase"]
[SourceDate "2023.10.10"]
[SourceVersion "1"]
[SourceVersionDate "2023.10.10"]
[SourceQuality "1"]

1. e4 c6 2. d4 d5 3. exd5 cxd5 4. Bd3 Nc6 5. Ne2 Bg4 6. Be3 e6 7. f3 Bh5 8. Ng3 Bg6 9. Bxg6 hxg6 10. Nd2 Bd6 11. Ne2 Qc7 12. g3 Nf6 13. c3 0-0-0 14. Qc2 Rh7 15. 0-0-0 Kb8 16. Kb1 Rc8 17. Nb3 Rch8 18. Bg1 Rh3 19. f4 Ne4 20. Rd3 Rc8 21. Nd2 Nb4 22. Qd1 Nxd3 23. Nf3 Ndf2 24. Bxf2 Nxf2 25. Qf1 Nxh1 26. Qxh3 Nf2 27. Qf1 Ne4 28. Nc1 Qb6 29. Nb3 a5 30. Nfd2 f5 31. c4 Nxd2+ 32. Nxd2 Qxd4 0-1